Pravopis spisovnej reči slovenskej

Podrobná bibliografia
Hlavný autor: Šteller-Šteliar, Ferdinand, 1897-1982 (Autor)
Médium: Kniha
Jazyk:slovenčina
Fyzický popis:36 s. 23 cm
Vydavateľské údaje: [S.l.] [s.n.] 1928
Predmet:

MARC

LEADER 00000cam a2200000 a 4500
001 vtls008401477
003 SK-MaSNL
005 20260302074754.0
008 020101s1928 xo grp2 000 0 slo
015 |a SNBA19191938-012868 
020 |q (brožované) 
035 |a SK01SNKBSKHR20020093694 
035 |a SKM000096157 
040 |a SNK  |b slo  |c SNK  |e AACR2 
041 0 |a slo 
044 |a xo  |c SK 
072 7 |a 811.162.4  |x Slovenčina  |2 konspekt 
072 7 |a 37.016  |x Učebné osnovy. Vyučovacie predmety. Učebnice  |2 konspekt 
080 |a 811.162.4'271.12  |2 2011 
080 |a (035)  |2 2011 
080 |a (04)  |2 2011 
100 1 |a Šteller-Šteliar, Ferdinand,  |d 1897-1982  |4 aut  |9 115568 
245 1 0 |a Pravopis spisovnej reči slovenskej  |c Ferdinand Šteller 
260 |a [S.l.]  |b [s.n.]  |c 1928  |e Košice  |f Slov. kníhtlač. 
300 |a 36 s.  |c 23 cm 
500 |a Odtlačok zo Sborníka spolku profesorov Slovákov 
650 0 7 |a spisovná slovenčina  |2 SNKPH  |9 66941 
655 7 |a príručky  |2 SNKPH  |9 74364 
655 7 |a separáty  |2 SNKPH  |9 70334 
852 |a Slovenská národná knižnica 
954 |a odborná, vedecká literatúra pôvodná (slovenská)  |2 lita 
958 |a OND 
999 |c 1166429  |d 1168359 
952 |a SNK  |b SNK  |y PREZ  |7 0  |p 17A0738712  |o snkSC 1429/4  |i snk369/31  |0 0  |1 0  |4 0  |d 2025-01-09  |f 1  |l 0  |r 2025-06-11 00:00:00  |w 2026-02-24